Parte del cuerpo por región del abdomen - Estadísticas

Estadísticas generales
  • Esta prueba ha sido intentada 26 veces
    12 desde el último reinicio
  • La puntuación promedio es 12 de 30
Estadísticas de respuestas
Pista Parte del cuerpo % Correcto
Órgano Estómago
86%
Región de un órgano Lóbulo derecho del hígado
86%
Órgano Páncreas
86%
Región del intestino grueso Colon ascendente
71%
Región del intestino grueso Colon descendente
71%
Región del intestino grueso Colon transverso
71%
Órgano Vesícula biliar
71%
Órgano Apéndice
57%
Órgano Bazo
57%
Órgano Vejiga
57%
Región del intestino delgado Yeyuno
57%
Región del intestino delgado íleon
43%
Órgano Útero
43%
Región del intestino delgado Duodeno
29%
Región del intestino grueso El ciego
29%
Región de un órgano Lóbulo izquierdo del hígado
29%
Cicatriz Ombligo
29%
Par de órganos reproductivos Ovario derecho en la mujer
29%
Par de órganos reproductivos Ovario izquierdo en la mujer
29%
Región de un órgano Cardias
14%
Región del intestino grueso Colon sigmoideo
14%
Par de órganos reproductivos Cordón espermático derecho
14%
Par de órganos reproductivos Cordón espermático izquierdo
14%
Región de un órgano Flexura esplénica del colon
14%
Región de un órgano Flexura hepática del colon
14%
Par de glándulas Glándula suprarrenal derecha (forma piramidal)
14%
Par de glándulas Glándula suprarrenal izquierda (forma semilunar)
14%
Región de un órgano Píloro
14%
Par de órganos Riñon derecho
14%
Par de órganos Riñon izquierdo
14%
No se encontraron pruebas coincidentes
Distribución de puntuación
Porcentaje de gente con cada puntuación
Porcentaje por número respondido
Historial de tus puntuaciones
No has intentado esta prueba desde el último reinicio